000 00418nam a2200169Ia 4500
008 230524s9999 xx 000 0 und d
082 _a621.319
_bJAI
100 _aP.K.Jain
245 0 _aNetworks Filters and Transmission Lines
250 _a9TH
260 _aNEW DELHI
_bMc Graw-Hill
_c2003
300 _aIX;381
500 _aQuantity Number: 2
650 _aElectrical
700 _a Gurbin Kaur
942 _cBK
999 _c17737
_d17737